LIBRARY & INFORMATION CENTRE, KCAET, TAVANUR

ONLINE PUBLIC ACCESS CATALOGUE (OPAC)

Automotive mechanics : principles and practices / (Record no. 237)

MARC details
000 -LEADER
fixed length control field 00536cam a2200205ua 4500
041 ## - LANGUAGE CODE
Language code of text/sound track or separate title eng
082 ## - DEWEY DECIMAL CLASSIFICATION NUMBER
Classification number 629.2
Item number HEI/AU
100 ## - MAIN ENTRY--AUTHOR NAME
Personal name Heitner, Joseph.
245 ## - TITLE STATEMENT
Title Automotive mechanics : principles and practices /
250 ## - EDITION STATEMENT
Edition statement 2 /
260 ## - PUBLICATION, DISTRIBUTION, ETC. (IMPRINT)
Place of publication New Delhi :
Name of publisher Affliated east-west Pvt Ltd ,
Year of publication 1967.
300 ## - PHYSICAL DESCRIPTION
Number of Pages 608 ; .
700 1# - ADDED ENTRY--PERSONAL NAME
Personal name Joseph, .
942 ## - ADDED ENTRY ELEMENTS (KOHA)
Koha item type Books
Holdings
Withdrawn status Lost status Damaged status Home library Current library Date acquired Full call number Accession Number Koha item type Source of acquisition Cost, normal purchase price
      KAUAET KAUAET 12/02/1986 629.2 14886 Books    
      KAUAET KAUAET 12/02/1986 629.2 14884 Books    
      KAUAET KAUAET 10/01/2025 629.2 HEI/AU 14885 Books Standard Book House, Thrissur. 46.00
Withdrawn     KAUAET KAUAET 10/01/2025 629.2 HEI/AU 14883 Books Standard Book House, Thrissur. 46.00
free website counter